Využitie vysokoúčinnej kvapalinovej chromatografie a selektívnej extrakcie na tuhej fáze pre stanovenie vybranej organoleptickej látky

Salvato in:
Dettagli Bibliografici
Autore principale: Spišák, Tomáš (Autore)
Altri autori: Hroboňová, Katarína (Relatore della tesi)
Natura: Manoscritto Libro
Lingua:slovacco
Pubblicazione: 2025
Soggetti:
Accesso online:http://is.stuba.sk/zp/portal_zp.pl?podrobnosti=183706
Tags: Aggiungi Tag
Nessun Tag, puoi essere il primo ad aggiungerne!!

MARC

LEADER 00000ntm a22000003a 4500
001 stuzp105305
003 SK-STU
005 20250607211418.8
007 ta
008 150427s2015----xo-----f-mn---000-0-slo-d
040 |a STU  |b slo 
041 0 |a slo 
100 1 |a Spišák, Tomáš  |u 041000  |4 aut  |U FCHPT Fakulta chemickej a potravinárskej technológie  |T FCHPT Ústav analytickej chémie  |X 112301  |U C1000  |Y 99  |7 112301 
242 0 1 |a Use of high-performance liquid chromatography and selective solid phase extraction for determination of selected organoleptic substance  |y eng 
245 1 0 |a Využitie vysokoúčinnej kvapalinovej chromatografie a selektívnej extrakcie na tuhej fáze pre stanovenie vybranej organoleptickej látky 
260 |c 2025 
650 4 |a HPLC-UV  |2 eng 
650 4 |a solid-phase extraction  |2 eng 
650 4 |a polymer with molecule imprint  |2 eng 
650 4 |a β-damascenone  |2 eng 
650 4 |a HPLC UV  |2 slo 
650 4 |a β-damascenón  |2 slo 
650 4 |a extrakcia na tuhej fáze  |2 slo 
650 4 |a polymér s odtlačkom molekuly  |2 slo 
700 1 |a Hroboňová, Katarína  |u 041000  |k Z1  |4 ths  |U FCHPT Fakulta chemickej a potravinárskej technológie  |T FCHPT Ústav analytickej chémie  |X 3931  |U C1000  |Y 99  |7 A000003931 
856 4 |u http://is.stuba.sk/zp/portal_zp.pl?podrobnosti=183706